Top 20 des départements en France ou il y’a les plus gros salaires - Statistiques

Statistiques générales
  • Ce quiz a été pris 20 fois
  • Le résultat moyen est 10 sur 20
Statistiques - réponses
TOP Salaire moyen Départements % Correct
1 ≈ 4 275€ Paris
88%
6 ≈ 2 740€ Rhône
82%
17 ≈ 2 420€ Gironde
71%
4 ≈ 3 260€ Haute-Savoie
59%
8 ≈ 2 695€ Haut-Rhin
59%
2 ≈ 3 990€ Hauts-de-Seine
59%
5 ≈ 2 810€ Ain
53%
14 ≈ 2 500€ Bas-Rhin
53%
9 ≈ 2 675€ Essonne
53%
13 ≈ 2 510€ Seine-et-Marne
53%
20 ≈ 2 300€ Val-d'Oise
53%
3 ≈ 3 520€ Yvelines
53%
12 ≈ 2 520€ Loire-Atlantique
47%
7 ≈ 2 700€ Val-de-Marne
47%
11 ≈ 2 530€ Alpes-Maritimes
41%
18 ≈ 2 400€ Ille-et-Vilaine
41%
15 ≈ 2 480€ Savoie
41%
10 ≈ 2 535€ Isère
35%
16 ≈ 2 450€ Haute-Garonne
24%
19 ≈ 2 370€ Doubs
12%
Aucun quiz correspondant
Distribution des résultats
% des personnes avec chaque résultat
Percentile par nombre de réponses
Votre historique - résultats
Vous n’avez pas pris ce quiz